[Event "Titled Tue 10th Jun Early"]
[Site "chess.com INT"]
[Date "2025.06.10"]
[Round "6"]
[White "Jiganchine, Roman"]
[Black "Coe, William"]
[Result "1-0"]
[WhiteTitle "CM"]
[WhiteElo "2205"]
[BlackElo "2078"]
[WhiteFideId "2603667"]
[BlackFideId "30913624"]
[EventDate "2025.06.10"]

1. Nf3 Nf6 2. c4 e6 3. b3 d5 4. e3 Be7 5. Bb2 O-O 6. Nc3 Nbd7 7. d4 c5 8. Bd3
cxd4 9. exd4 a6 10. O-O Re8 11. Rc1 Nf8 12. Qe2 Ng6 13. Bb1 Bd7 14. Rfd1 Rc8 15.
h3 Bc6 16. Qe3 b5 17. c5 Qc7 18. Ne2 Bf8 19. Ne5 a5 20. a3 Re7 21. Ng3 Rce8 22.
Re1 Nd7 23. f4 Nf6 24. Qf3 Nh4 25. Qf2 Ng6 26. Kh1 Nd7 27. b4 axb4 28. axb4 Ra8
29. Rf1 Nf6 30. Rce1 Ra7 31. Bc2 Re8 32. Bb3 Rea8 33. f5 exf5 34. Nxf5 Re8 35.
Nh6+ gxh6 36. Qxf6 Bg7 37. Qf5 Nxe5 38. dxe5 Qe7 39. Qg4 Qg5 40. Qxg5 hxg5 41.
Rf3 Rae7 42. Rg3 h6 43. h4 gxh4 44. Rg4 f5 45. Rxh4 Bxe5 46. Bxe5 Rxe5 47. Rxe5
Rxe5 48. Rxh6 Re1+ 49. Kh2 Ba8 50. Ra6 Bb7 51. Rb6 Re7 52. c6 Bc8 53. Rb8 Rc7
54. Bxd5+ Kf8 55. Kg3 Ke7 56. Kf4 Kd6 57. Bf3 Be6 58. Rxb5 Bc4 59. Rc5 Bd3 60.
Rd5+ 1-0

[Event "Titled Tue 10th Jun Early"]
[Site "chess.com INT"]
[Date "2025.06.10"]
[Round "6"]
[White "Mendes Aaron Reeve"]
[Black "Punin, Andrii"]
[Result "1-0"]
[WhiteTitle "IM"]
[BlackTitle "FM"]
[WhiteElo "2335"]
[BlackElo "2289"]
[WhiteFideId "25954938"]
[BlackFideId "14112639"]
[EventDate "2025.06.10"]

1. e4 d5 2. exd5 Qxd5 3. Nc3 Qa5 4. Nf3 Nf6 5. d4 c6 6. Bd2 Qc7 7. Bc4 Bf5 8.
Ne5 e6 9. g4 Be4 10. Rg1 Bd5 11. Bd3 Nbd7 12. f4 Nxe5 13. fxe5 Nd7 14. Qe2 Bb4
15. O-O-O Bxc3 16. bxc3 b5 17. c4 bxc4 18. Bxc4 Nb6 19. Bb3 a5 20. Bxd5 cxd5 21.
Qb5+ Nd7 22. Rg3 O-O 23. Rc3 Qa7 24. Qc6 Rfb8 25. Be3 a4 26. a3 Nb6 27. Qc7 Qxc7
28. Rxc7 Nc4 29. Rd3 Rb5 30. Rc3 Rab8 31. R7xc4 dxc4 32. Rxc4 Ra8 33. Rb4 Rba5
34. c4 h6 35. Kc2 Kh7 36. Kc3 Kg6 37. h3 h5 38. Rb6 hxg4 39. hxg4 Kh7 40. Kb4
Kg8 41. c5 R5a6 42. Kb5 Ra5+ 43. Kc4 Kf8 44. Bd2 R5a7 45. c6 Ke8 46. Bb4 Rc8 47.
Bd6 Ra5 48. Bc5 f6 49. Kb4 Raa8 50. Kb5 fxe5 51. dxe5 Rab8 52. Rb7 Ra8 53. Re7+
Kd8 54. Rxg7 Rcb8+ 55. Bb6+ Ke8 56. Rg8+ Kf7 57. Rxb8 Rxb8 58. c7 Rc8 59. Kc6
Ke7 60. g5 Rg8 61. g6 Re8 62. Bc5# 1-0

[Event "Titled Tue 10th Jun Early"]
[Site "chess.com INT"]
[Date "2025.06.10"]
[Round "6"]
[White "Ashraf, Artin"]
[Black "Maghsoodloo, Parham"]
[Result "1-0"]
[WhiteTitle "FM"]
[BlackTitle "GM"]
[WhiteElo "2407"]
[BlackElo "2691"]
[WhiteFideId "22514805"]
[BlackFideId "12539929"]
[EventDate "2025.06.10"]

1. d4 Nf6 2. Nf3 d5 3. e3 a6 4. b3 c5 5. Bb2 cxd4 6. exd4 Bf5 7. Nbd2 Nc6 8. Nh4
Bg4 9. Be2 h5 10. O-O g6 11. h3 Bxe2 12. Qxe2 Bg7 13. Nhf3 O-O 14. Rfe1 Rc8 15.
a3 e6 16. c4 dxc4 17. bxc4 Re8 18. Rab1 Ne7 19. Ba1 b6 20. Ne5 Nf5 21. Ndf3 Re7
22. Red1 h4 23. Ng5 Qd6 24. c5 bxc5 25. dxc5 Qxc5 26. Nexf7 Rxf7 27. Qxe6 Qc4
28. Qxc4 Rxc4 29. Nxf7 Kxf7 30. Rb7+ Kf8 31. Rb6 Ne8 32. Rxg6 Bxa1 33. Rxa1 Ra4
34. Rg4 Ra5 35. a4 Nf6 36. Rf4 Kf7 37. Rc1 Kg6 38. Rc6 Kg5 39. Rfc4 Nd7 40. Rg4+
Kh5 41. Rc7 Nf6 42. Rgc4 Kg6 43. R7c5 Rxc5 44. Rxc5 Nd4 45. Ra5 Ne4 46. Rxa6+
Kf5 47. Rb6 Nd2 48. a5 Nc4 49. Rb4 Ne2+ 50. Kf1 Nxa5 51. Kxe2 Nc6 52. Rxh4 1-0

[Event "Titled Tue 10th Jun Early"]
[Site "chess.com INT"]
[Date "2025.06.10"]
[Round "6"]
[White "Lau, Lut Yin Luke"]
[Black "Karttunen, Mika"]
[Result "0-1"]
[WhiteTitle "CM"]
[BlackTitle "IM"]
[WhiteElo "2243"]
[BlackElo "2490"]
[WhiteFideId "6002226"]
[BlackFideId "502081"]
[EventDate "2025.06.10"]

1. d4 Nf6 2. c4 g6 3. Nc3 d5 4. Nf3 Bg7 5. Qb3 dxc4 6. Qxc4 a6 7. e4 b5 8. Qb3
c5 9. dxc5 Nbd7 10. Be3 Bb7 11. Be2 Ng4 12. Ng5 Nge5 13. f4 h6 14. Nf3 Ng4 15.
Bg1 Qc7 16. h3 Ngf6 17. e5 Ne4 18. Nd5 Qa5+ 19. Qb4 Qxb4+ 20. Nxb4 Ndxc5 21. Rc1
Ne6 22. Be3 Ng3 23. Rg1 O-O 24. Kf2 Ne4+ 25. Ke1 Rfc8 26. Nd3 Bd5 27. b3 Ng3 28.
Kf2 Ne4+ 29. Ke1 h5 30. Nb4 Bb7 31. Bd3 N4c5 32. Ke2 a5 33. Nc2 Nxd3 34. Kxd3 b4
35. Ncd4 Ba6+ 36. Kd2 Nc5 37. Rc2 Ne4+ 38. Kc1 Rc3 39. Rxc3 bxc3 40. Kc2 a4 41.
Rb1 axb3+ 42. Rxb3 Bc4 43. Rb7 Rxa2+ 44. Kb1 Rxg2 45. Rb8+ Kh7 46. Nc6 Bd3+ 47.
Ka1 Rg3 48. Ncd4 Be2 49. Bf2 Rxf3 50. Nxf3 Bxf3 51. Rc8 Bg2 52. Bd4 Bxh3 53.
Bxc3 Bxc8 54. Bb2 Be6 0-1

[Event "Titled Tue 10th Jun Early"]
[Site "chess.com INT"]
[Date "2025.06.10"]
[Round "6"]
[White "Vafin, Ayrat"]
[Black "Guerrero Cataldo, Juan Andres"]
[Result "1-0"]
[WhiteTitle "FM"]
[BlackTitle "CM"]
[WhiteElo "2302"]
[BlackElo "2082"]
[WhiteFideId "4146530"]
[BlackFideId "3421260"]
[EventDate "2025.06.10"]

1. Nf3 Nf6 2. g3 d5 3. Bg2 Bf5 4. O-O h6 5. c4 c6 6. d3 e6 7. Be3 Nbd7 8. Qb3
Qc7 9. Nc3 Bc5 10. Bxc5 Nxc5 11. Qa3 Qe7 12. cxd5 exd5 13. Rac1 Ne6 14. Qxe7+
Kxe7 15. b4 a6 16. a4 Rhe8 17. Rb1 Rac8 18. Rfc1 Kf8 19. b5 axb5 20. axb5 Nc5
21. bxc6 bxc6 22. Nd4 Bd7 23. Rb6 Ne6 24. Nf5 Red8 25. h3 Be8 26. Na4 c5 27. Nc3
Rc6 28. Rb7 Rc7 29. Rb6 Rc6 30. Rbb1 h5 31. d4 cxd4 32. Na2 Rc4 33. Nb4 g6 34.
Nh4 Rdc8 35. Nd3 Rc2 36. Rxc2 Rxc2 37. Kf1 Ne4 38. Rd1 Nc3 39. Re1 Bb5 40. Bf3
Ng5 41. Kg2 Nxf3 42. Nxf3 Nxe2 43. Nde5 Rb2 44. Rd1 Nc3 45. Rxd4 Ne4 46. Nd3
Bxd3 47. Rxd3 Rxf2+ 48. Kh1 Nxg3+ 49. Kg1 Ne4 50. Ng5 Rf5 51. Nf3 Kg7 52. Nd4 1-0

[Event "Titled Tue 10th Jun Early"]
[Site "chess.com INT"]
[Date "2025.06.10"]
[Round "6"]
[White "Klymchuk, Andriy"]
[Black "Tang, Andrew"]
[Result "0-1"]
[WhiteTitle "FM"]
[BlackTitle "GM"]
[WhiteElo "2405"]
[BlackElo "2529"]
[WhiteFideId "14140063"]
[BlackFideId "2059630"]
[EventDate "2025.06.10"]

1. e4 e5 2. Nf3 Nc6 3. Bb5 g6 4. O-O Bg7 5. c3 a6 6. Bc4 b5 7. Bb3 Na5 8. Bc2
Ne7 9. d4 exd4 10. cxd4 O-O 11. d5 d6 12. h3 c6 13. dxc6 Nexc6 14. Bg5 Qc7 15.
Nc3 Be6 16. Rc1 Nc4 17. Nd5 Bxd5 18. exd5 Nxb2 19. Qe2 Rfe8 20. Be4 Nc4 21. Rxc4
bxc4 22. Qxc4 Rxe4 23. Qxe4 Na5 24. Rc1 Qd7 25. Qf4 Nb7 26. Bf6 Bf8 27. Bd4 Bg7
28. Ng5 Qe7 29. Bxg7 Kxg7 30. Qxf7+ Qxf7 31. Nxf7 Rb8 32. Ng5 h6 33. Ne4 g5 34.
Rc6 Na5 35. Rxa6 Rb1+ 36. Kh2 Nc4 37. Nxd6 Nd2 38. Nf5+ Kf8 39. g4 Nf3+ 40. Kg3
Ne5 41. f4 Nd3 42. Rf6+ Ke8 43. Re6+ Kf8 44. fxg5 hxg5 45. d6 Nc5 46. Re7 Rd1
47. Rc7 Rd3+ 48. Kg2 Ne6 49. Re7 Nf4+ 50. Kf1 Ng6 51. Rg7 Ne5 52. Rxg5 Kf7 53.
Rh5 Kg6 54. Rh6+ Kg5 55. Re6 Kf4 56. Ke2 Ra3 57. Rxe5 Rxa2+ 58. Kd1 Kxe5 59. d7
Ra8 60. h4 Rd8 61. h5 Rxd7+ 62. Ke2 Kf4 63. h6 Rh7 64. Ne3 Rxh6 65. Nd5+ Ke4 66.
Ne3 Rh2+ 67. Kf1 Kxe3 68. g5 Kf3 0-1

[Event "Titled Tue 10th Jun Early"]
[Site "chess.com INT"]
[Date "2025.06.10"]
[Round "6"]
[White "Allahverdiyeva, Ayan"]
[Black "Jimenez Fernandez, Rebeca"]
[Result "0-1"]
[WhiteTitle "WIM"]
[BlackTitle "WFM"]
[WhiteElo "2308"]
[BlackElo "2154"]
[WhiteFideId "13412590"]
[BlackFideId "32070934"]
[EventDate "2025.06.10"]

1. Nf3 c5 2. e4 Nc6 3. Bb5 g6 4. O-O Bg7 5. Bxc6 dxc6 6. d3 Nf6 7. Nc3 Nd7 8.
Be3 e5 9. Qd2 h6 10. h3 b6 11. Nh2 Nf8 12. f4 exf4 13. Bxf4 Ne6 14. Bg3 Qg5 15.
Qf2 Bd4 16. Nf3 Bxf2+ 17. Bxf2 Qe7 18. Bh4 g5 19. Bg3 Nd4 20. Ne5 Be6 21. a4
Nxc2 22. Rac1 Nd4 23. Kh2 O-O 24. Rf2 Kg7 25. Nd1 f6 26. Nc4 Bxc4 27. Rxc4 b5
28. Rc1 bxa4 29. Ne3 Kg6 30. Nc4 Rad8 31. Rcf1 h5 32. h4 Ne6 33. Rf5 Rxd3 34.
Be1 Nf4 35. hxg5 Qxe4 36. R5xf4 Qd5 37. gxf6 Rd4 38. Ne3 Qg5 39. Bg3 Rxf4 40.
Bxf4 Qh4+ 41. Kg1 Rxf6 42. g3 Qh3 43. Nc4 Qe6 44. Ne5+ Kh7 45. Rf2 Rf5 46. Kh2
Rxe5 47. Bxe5 Qxe5 48. Rf7+ Kg6 49. Rxa7 Qxb2+ 50. Kh3 a3 51. g4 hxg4+ 52. Kh4
a2 53. Ra6 a1=Q 54. Rxc6+ Kf7 55. Rc7+ Ke6 56. Rc6+ Kd5 57. Rxc5+ Kxc5 0-1

[Event "Titled Tue 10th Jun Early"]
[Site "chess.com INT"]
[Date "2025.06.10"]
[Round "6"]
[White "Jval Saurin Patel"]
[Black "Kovalenko, Igor"]
[Result "0-1"]
[WhiteTitle "FM"]
[BlackTitle "GM"]
[WhiteElo "2331"]
[BlackElo "2676"]
[WhiteFideId "25968343"]
[BlackFideId "14117908"]
[EventDate "2025.06.10"]

1. d4 Nf6 2. c4 e6 3. Nc3 Bb4 4. a3 Bxc3+ 5. bxc3 c5 6. e3 Nc6 7. Bd3 d6 8. Ne2
Qc7 9. O-O b6 10. e4 Bb7 11. f3 Nd7 12. Be3 g6 13. Ng3 h5 14. h4 Na5 15. d5
O-O-O 16. f4 Rhg8 17. Nh1 Rde8 18. Nf2 f5 19. Qa4 Nf6 20. Rae1 Qd7 21. Qxd7+
Kxd7 22. e5 Ng4 23. Nxg4 hxg4 24. Bc2 exd5 25. cxd5 Bxd5 26. Rd1 Kc6 27. Ba4+ b5
28. Bxb5+ Kxb5 29. Rxd5 Nc4 30. Bf2 Rc8 31. exd6 Nb6 32. Rb1+ Kc4 33. Rdd1 Rgd8
34. Kf1 Rc6 35. Re1 Rdxd6 36. Re7 a6 37. Ra7 Nd5 38. Rc1 Nxf4 39. Bg3 Nd3 40.
Rd1 Re6 41. Rd7 Nb2 42. Rb1 Na4 43. Rd2 Re3 44. Bf4 Rd3 45. Re2 Rb6 46. Rc1 Rxc3
47. Rd1 g3 48. Kg1 Rb2 49. Re6 Rcc2 50. Rc1 Rxc1+ 51. Bxc1 Rb1 52. Re1 Nb2 53.
Bd2 Rxe1+ 54. Bxe1 f4 55. Bd2 Nd3 56. Kf1 Kd4 57. Ke2 Ke4 58. Bc3 c4 59. Bd2 Ne5
60. Be1 Ng4 61. Kd2 Ne3 0-1

[Event "Titled Tue 10th Jun Early"]
[Site "chess.com INT"]
[Date "2025.06.10"]
[Round "6"]
[White "Vlassov, Nikolai"]
[Black "Ter-Sahakyan, Samvel"]
[Result "1/2-1/2"]
[WhiteTitle "IM"]
[BlackTitle "GM"]
[WhiteElo "2291"]
[BlackElo "2611"]
[WhiteFideId "4103360"]
[BlackFideId "13302531"]
[EventDate "2025.06.10"]

1. e4 c5 2. c3 d5 3. exd5 Qxd5 4. d4 Nf6 5. Nf3 e6 6. a3 Nc6 7. Be3 Ng4 8. Bd3
Nxe3 9. fxe3 g6 10. O-O Bg7 11. Nbd2 O-O 12. Qe2 b6 13. Rf2 Bb7 14. Raf1 Rad8
15. Ne4 Ne7 16. Nfg5 Nf5 17. Bc4 Qc6 18. Ng3 cxd4 19. exd4 Bh6 20. N3e4 Kh8 21.
Bd3 Rde8 22. g4 Nd6 23. Nxf7+ Nxf7 24. Rxf7 Rxf7 25. Rxf7 Rf8 26. Qf3 Qe8 27.
Rxf8+ Qxf8 28. Qxf8+ Bxf8 29. Kf2 Kg7 30. Ke3 Be7 31. Bc4 Bc8 32. Kf4 Bd8 33.
Ke5 Bc7+ 34. Nd6 Kf8 35. Bxe6 Ke7 36. Bxc8 Bxd6+ 37. Kd5 Bxh2 38. Kc6 Bf4 39.
Kb7 Kd8 40. Be6 Bc1 41. b4 Bxa3 42. d5 a5 43. bxa5 bxa5 44. Ka6 Bb2 45. Kxa5
Bxc3+ 46. Kb5 Be5 47. Kc6 h5 48. gxh5 gxh5 49. d6 h4 50. Bh3 Bg3 51. Bg4 Bxd6
52. Kxd6 h3 53. Bxh3 1/2-1/2

[Event "Titled Tue 10th Jun Early"]
[Site "chess.com INT"]
[Date "2025.06.10"]
[Round "6"]
[White "Wyss, Jonas"]
[Black "Tikhonov, Viacheslav"]
[Result "0-1"]
[WhiteTitle "FM"]
[BlackTitle "CM"]
[WhiteElo "2278"]
[BlackElo "2183"]
[WhiteFideId "1311387"]
[BlackFideId "44196407"]
[EventDate "2025.06.10"]

1. e4 c5 2. Nf3 Nc6 3. Bb5 Nd4 4. Nxd4 cxd4 5. O-O a6 6. Ba4 b5 7. Bb3 Bb7 8. d3
e6 9. f4 Nf6 10. Nd2 Qc7 11. Nf3 Bc5 12. Qe1 Ng4 13. Qg3 h5 14. h3 Ne3 15. Qxg7
O-O-O 16. Rf2 Qxf4 17. Nxd4 Rhg8 18. Qxg8 Rxg8 19. Rxf4 Bxd4 20. Rf2 Nd1 21. Be3
Nxe3 22. c3 Bb6 23. d4 Bxe4 24. Re1 Rg3 25. Rfe2 Nxg2 26. Rxe4 Nxe1+ 27. Kf2
Rxh3 28. Kxe1 Rh2 29. Rf4 f5 30. Rf2 Rxf2 31. Kxf2 Kc7 32. Kg3 Kc6 33. Bd1 Bc7+
34. Kh4 Bf4 35. Bxh5 Bc1 36. b3 Bb2 37. c4 Bxd4 38. cxb5+ axb5 39. Kg3 b4 40.
Kf4 Kd5 41. Bf3+ Kd6 42. Ba8 Bb2 43. Bb7 Bd4 44. Bg2 Bc3 45. Bf3 Bd2+ 46. Kg3
Ke5 47. Bg2 d5 48. Kf3 Kd4 49. Ke2 Bg5 50. Kd1 f4 51. Ke2 e5 52. Bh1 e4 53. Bg2
f3+ 54. Bxf3 exf3+ 55. Kxf3 Kc3 56. Ke2 Kc2 57. Kf3 d4 0-1

[Event "Titled Tue 10th Jun Early"]
[Site "chess.com INT"]
[Date "2025.06.10"]
[Round "6"]
[White "Caruana, Fabiano"]
[Black "Torres Rebolledo, Alvaro"]
[Result "1/2-1/2"]
[WhiteTitle "GM"]
[BlackTitle "FM"]
[WhiteElo "2777"]
[BlackElo "2318"]
[WhiteFideId "2020009"]
[BlackFideId "54587670"]
[EventDate "2025.06.10"]

1. b4 c6 2. Bb2 a5 3. b5 cxb5 4. e4 b4 5. a3 bxa3 6. Nxa3 d6 7. Nb5 Nf6 8. Bc4
e6 9. Nf3 Nxe4 10. O-O d5 11. Bd3 Nc5 12. Qe2 Nxd3 13. Qxd3 Nc6 14. Ne5 Bd7 15.
Nxd7 Qxd7 16. c4 d4 17. Qg3 e5 18. Rae1 Bb4 19. Rxe5+ Nxe5 20. Qxe5+ Kf8 21.
Bxd4 f6 22. Qf4 Re8 23. h3 Kf7 24. Be3 a4 25. Ra1 a3 26. d4 Rc8 27. d5 Rhe8 28.
Qd4 Bc5 29. Qd3 Bxe3 30. fxe3 Ra8 31. d6 a2 32. Nc7 Rec8 33. Nxa8 Rxa8 34. c5
Qe6 35. Qd4 Qe5 36. Qc4+ Kf8 37. Rxa2 Qxe3+ 38. Kf1 Rxa2 39. Qxa2 Qxc5 40. Qe6
Qc1+ 41. Ke2 Qc2+ 42. Kf3 Qc3+ 43. Kf2 Qd4+ 44. Kf1 Qa1+ 45. Kf2 Qb2+ 46. Kf3
Qc3+ 47. Ke4 Qe1+ 48. Kd5 Qxe6+ 49. Kxe6 Ke8 50. d7+ Kd8 51. Kd6 b5 52. Kc5 b4
53. Kxb4 Kxd7 54. Kc4 Ke6 55. Kd4 Kf5 56. Ke3 g5 57. Kf3 h5 58. g4+ hxg4+ 59.
hxg4+ Ke5 60. Ke3 Kd5 61. Kd3 Ke5 62. Ke3 f5 63. gxf5 Kxf5 64. Kf3 g4+ 65. Kg3
Kg5 66. Kg2 Kf4 67. Kf2 g3+ 68. Kg2 Kg4 69. Kg1 Kf3 70. Kf1 g2+ 71. Kg1 Kg3 1/2-1/2

[Event "Titled Tue 10th Jun Early"]
[Site "chess.com INT"]
[Date "2025.06.10"]
[Round "6"]
[White "Vedant, Nitin Vekhande"]
[Black "Maglioni, Leonardo"]
[Result "1-0"]
[WhiteTitle "CM"]
[WhiteElo "2167"]
[BlackElo "2069"]
[WhiteFideId "45073449"]
[BlackFideId "2896830"]
[EventDate "2025.06.10"]

1. e4 e5 2. Nf3 Nc6 3. Bb5 a6 4. Bxc6 dxc6 5. d4 exd4 6. Qxd4 Qxd4 7. Nxd4 Bd7
8. Be3 O-O-O 9. Nd2 Bd6 10. O-O-O Ne7 11. f3 h6 12. N4b3 f5 13. Nc5 Bxc5 14.
Bxc5 Rhe8 15. e5 b6 16. Bxe7 Rxe7 17. f4 Be6 18. g3 Bd5 19. Rhe1 g5 20. c4 Be6
21. b3 c5 22. Nf3 Rxd1+ 23. Rxd1 Rg7 24. Rg1 Bd7 25. Rf1 Bc6 26. Ne1 Be4 27. Kd2
Kd7 28. Ke3 Ke6 29. Nf3 gxf4+ 30. gxf4 Rg2 31. Rf2 Rg4 32. Nd2 Bc6 33. Nf1 Rg1
34. Ng3 Re1+ 35. Kd3 Rd1+ 36. Kc2 Rd4 37. Ne2 Re4 38. Nc3 Re1 39. Kd2 Rh1 40.
Ke3 Re1+ 41. Kd2 Ra1 42. Re2 Rg1 43. Re1 Rg2+ 44. Re2 Rg1 45. Nd1 Bf3 46. Rf2
Rxd1+ 47. Kc2 Bh5 48. Rg2 Rd4 49. Rg7 Bf7 50. Rh7 Rxf4 51. Rxh6+ Kxe5 52. Rc6 1-0

[Event "Titled Tue 10th Jun Early"]
[Site "chess.com INT"]
[Date "2025.06.10"]
[Round "6"]
[White "Jasinski, Alexander"]
[Black "Nagare Kaivalya Sandip"]
[Result "1-0"]
[BlackTitle "FM"]
[WhiteElo "1989"]
[BlackElo "2321"]
[WhiteFideId "55627994"]
[BlackFideId "25957929"]
[EventDate "2025.06.10"]

1. e4 e5 2. Nf3 Nc6 3. Bb5 a6 4. Ba4 Nf6 5. O-O b5 6. Bb3 Bc5 7. d3 d6 8. Be3
Bg4 9. Bxc5 dxc5 10. Nbd2 O-O 11. h3 Bh5 12. Qe1 Re8 13. Qe3 Nd4 14. c3 Nxf3+
15. Nxf3 Qe7 16. Nh4 Bg6 17. Nxg6 hxg6 18. a4 c6 19. Rad1 Rab8 20. Rd2 b4 21.
Bc4 a5 22. Re1 Nh5 23. g3 Red8 24. Kg2 Rb7 25. cxb4 Rxb4 26. b3 Qd6 27. Rc1 Nf6
28. Rdc2 Nd7 29. Qf3 Qe7 30. Rc3 Nb6 31. Qg4 Nxc4 32. Rxc4 Rxb3 33. Rxc5 Rbxd3
34. Rxc6 Rd2 35. Rc8 Kh7 36. Rxd8 Qxd8 37. Qf3 Qd7 38. Rc5 Qxa4 39. Rxe5 f6 40.
Rc5 Qb4 41. Rc8 Qb6 42. Qf4 Rxf2+ 43. Qxf2 Qe6 44. Rc2 Qxe4+ 45. Kh2 a4 46. Ra2
Qc4 47. Ra3 g5 48. Qa2 Qf1 49. Rxa4 f5 50. Qc2 g6 51. Ra7+ Kh6 52. Ra2 f4 53.
Qg2 Qb1 54. gxf4 gxf4 55. Rf2 Qf5 56. Qg4 Qd3 57. Qxf4+ Kh5 58. Qf3+ 1-0

[Event "Titled Tue 10th Jun Early"]
[Site "chess.com INT"]
[Date "2025.06.10"]
[Round "6"]
[White "Adewumi, Tanitoluwa"]
[Black "Dogan, Umut Anil"]
[Result "1-0"]
[WhiteTitle "FM"]
[BlackTitle "CM"]
[WhiteElo "2362"]
[BlackElo "2060"]
[WhiteFideId "30966396"]
[BlackFideId "51618060"]
[EventDate "2025.06.10"]

1. Nf3 Nf6 2. b3 g6 3. Bb2 Bg7 4. g3 O-O 5. Bg2 d5 6. O-O c6 7. c4 Re8 8. d3
Nbd7 9. Nc3 a6 10. d4 dxc4 11. bxc4 Qc7 12. e4 e5 13. d5 Nc5 14. Qc2 b6 15. dxc6
Qxc6 16. Nd5 Nxd5 17. cxd5 Qd6 18. Ba3 Bd7 19. Nd2 Bb5 20. Rfc1 Rac8 21. Nc4 Qf6
22. Nxb6 Qxb6 23. Bxc5 Qf6 24. Qd2 Bf8 25. Bxf8 Kxf8 26. Bh3 Rxc1+ 27. Rxc1 Qd6
28. Bf1 Rb8 29. Bxb5 Rxb5 30. Qh6+ Ke7 31. Rc6 Qd8 32. Qg5+ Kd7 33. Rd6+ Kxd6
34. Qxd8+ Kc5 35. Qc7+ Kd4 36. d6 Rb1+ 37. Kg2 Kxe4 38. Qc2+ Kd5 39. d7 Rb8 40.
Qc7 Rf8 41. a4 Ke6 42. f4 exf4 43. gxf4 g5 44. f5+ Kxf5 45. Kf3 h5 46. Ke3 Ke6
47. Ke4 f5+ 48. Kd4 f4 49. Qc6+ Ke7 50. Ke5 Rd8 51. Qe6+ Kf8 52. Qf6+ Kg8 53.
Qxd8+ Kg7 54. Qxg5+ Kf7 55. Qf6+ Kg8 56. d8=Q+ Kh7 57. Qdf8 f3 58. a5 f2 59.
Qxf2 h4 60. Q2f6 h3 61. Qf5# 1-0

[Event "Titled Tue 10th Jun Early"]
[Site "chess.com INT"]
[Date "2025.06.10"]
[Round "6"]
[White "Ahmad, Khagan"]
[Black "Caprio, Guido"]
[Result "1-0"]
[WhiteTitle "IM"]
[BlackTitle "IM"]
[WhiteElo "2394"]
[BlackElo "2435"]
[WhiteFideId "13431552"]
[BlackFideId "834580"]
[EventDate "2025.06.10"]

1. d4 Nf6 2. c4 e6 3. Nf3 b6 4. Nc3 Bb7 5. a3 Ne4 6. Nxe4 Bxe4 7. Nd2 Bb7 8. e4
g6 9. Bd3 Bg7 10. Nf3 Nc6 11. Bg5 f6 12. Be3 O-O 13. h4 f5 14. Bg5 Qe8 15. e5 d6
16. Qe2 dxe5 17. dxe5 h6 18. Bf4 Rd8 19. Qe3 Rf7 20. O-O Rfd7 21. Bc2 Qf8 22.
Rad1 Na5 23. Rxd7 Rxd7 24. Qc3 Nc6 25. b4 Qd8 26. Qe3 Kh7 27. h5 gxh5 28. Qe2
Nd4 29. Nxd4 Rxd4 30. Be3 Rg4 31. f3 Rg6 32. Rd1 Qh4 33. Rd7 Qg3 34. Bd1 Qxe5
35. Qf2 Bc6 36. Bd4 Qg3 37. Re7 Qxf2+ 38. Kxf2 Kg8 39. Bxg7 Rxg7 40. Rxe6 Bd7
41. Rxh6 Kf7 42. f4 Ke7 43. Bxh5 Be6 44. c5 bxc5 45. bxc5 Rg8 46. Rh7+ Kf6 47.
Rxc7 Rb8 48. Bf3 Rb2+ 49. Kg3 a5 50. c6 Rb3 51. a4 Rb4 52. Rh7 Rxa4 53. c7 Rc4
54. Bb7 Rc3+ 55. Kh2 Kg6 56. Re7 Kf6 57. Rxe6+ Kxe6 58. c8=Q+ Rxc8 59. Bxc8+ Kf6
60. Bd7 1-0

[Event "Titled Tue 10th Jun Early"]
[Site "chess.com INT"]
[Date "2025.06.10"]
[Round "6"]
[White "Shandrygin, Nikita"]
[Black "Labussiere, Victor"]
[Result "0-1"]
[WhiteTitle "FM"]
[BlackTitle "FM"]
[WhiteElo "2209"]
[BlackElo "2312"]
[WhiteFideId "24198668"]
[BlackFideId "2183129"]
[EventDate "2025.06.10"]

1. e4 c5 2. b4 d6 3. Nf3 Nf6 4. bxc5 dxc5 5. e5 Nd5 6. Bb2 Nc6 7. Na3 Bf5 8. Nc4
e6 9. Be2 Be7 10. O-O O-O 11. Ne3 Bg6 12. g3 Rb8 13. h4 h6 14. Nh2 b5 15. Nhg4
Ncb4 16. d3 Nxe3 17. fxe3 c4 18. Bd4 Nc6 19. Bb2 Qb6 20. d4 Nb4 21. Ba3 Qc7 22.
c3 Nd5 23. Bxe7 Qxe7 24. Qd2 Rfc8 25. Bf3 b4 26. Bxd5 exd5 27. h5 Bxh5 28. Nf6+
gxf6 29. Rxf6 Bg6 30. e4 bxc3 31. Qxh6 Qf8 32. Qg5 c2 33. Rc1 Rb1 34. Kf2 Rxc1
35. Qxc1 dxe4 36. e6 Qg7 37. Qg5 Rf8 38. exf7+ Rxf7 39. Rxf7 Qxf7+ 40. Ke1 c1=Q+
41. Qxc1 Kg7 42. Qc3 Qd5 43. Qe3 a5 44. g4 Qe6 45. g5 Qd5 46. Qf2 Qf5 47. Qh2 c3
48. Qh6+ Kf7 49. Qh8 c2 50. Kd2 e3+ 51. Kc1 Qf1+ 52. Kb2 c1=Q+ 53. Kb3 Qd3+ 54.
Ka4 Qdc4+ 55. Kxa5 Qa3+ 56. Kb6 Qaa6# 0-1

[Event "Titled Tue 10th Jun Early"]
[Site "chess.com INT"]
[Date "2025.06.10"]
[Round "6"]
[White "Shubenkova, Veronika"]
[Black "Safin Safarullakhan"]
[Result "0-1"]
[WhiteTitle "WFM"]
[BlackTitle "CM"]
[WhiteElo "2031"]
[BlackElo "2028"]
[WhiteFideId "44124040"]
[BlackFideId "33379475"]
[EventDate "2025.06.10"]

1. d4 Nf6 2. e3 d5 3. f4 e6 4. Nf3 c5 5. c3 cxd4 6. exd4 Nc6 7. Bd3 Bd6 8. Qe2
Qc7 9. Ne5 Nxd4 10. Qd1 Bxe5 11. O-O Nc6 12. fxe5 Nxe5 13. Bc2 Bd7 14. Kh1 Neg4
15. Bf4 Qb6 16. Qe1 Qxb2 17. Bf5 Qxa1 18. Bd6 Qb2 19. h3 Nh6 20. Bd3 Qb6 21. Ba3
Bb5 22. c4 Bxc4 23. Bxc4 dxc4 24. Nd2 O-O-O 25. Nxc4 Qb5 26. Nd6+ Rxd6 27. Bxd6
Nf5 28. Be5 Rd8 29. g4 Qd5+ 30. Kg1 Nd4 31. Qc3+ Nc6 32. Bg3 Qd4+ 33. Qxd4 Rxd4
34. g5 Ne4 35. Bh2 Nxg5 36. Rc1 Nf3+ 37. Kg2 Nxh2 38. Kxh2 Rd2+ 39. Kg3 Rxa2 40.
h4 Rd2 41. Kg4 a5 42. Kh5 a4 43. Rc3 Rd5+ 44. Kg4 Ra5 45. Ra3 b5 46. Rc3 Kb7 47.
Rd3 b4 48. Rd7+ Kb6 49. Rxf7 Ne5+ 50. Kh3 Nxf7 51. h5 Rxh5+ 52. Kg4 Rg5+ 53. Kh4
b3 54. Kh3 b2 55. Kh2 b1=Q 56. Kh3 Qh1# 0-1

[Event "Titled Tue 10th Jun Early"]
[Site "chess.com INT"]
[Date "2025.06.10"]
[Round "6"]
[White "Fiore, Mario Angelo"]
[Black "Bolashakov, Nurali"]
[Result "1-0"]
[WhiteTitle "FM"]
[BlackTitle "CM"]
[WhiteElo "2138"]
[BlackElo "2242"]
[WhiteFideId "800392"]
[BlackFideId "13792105"]
[EventDate "2025.06.10"]

1. e4 c5 2. Nf3 d6 3. d4 cxd4 4. Nxd4 Nf6 5. Nc3 a6 6. h3 e5 7. Nde2 h5 8. g3
Be6 9. Bg2 Be7 10. Bg5 Nbd7 11. O-O O-O 12. a4 Rc8 13. a5 Nc5 14. b4 Ncd7 15.
Qd3 Bc4 16. Qe3 Ng4 17. Bxe7 Nxe3 18. Bxd8 Nxf1 19. Bg5 Bxe2 20. Nxe2 Rxc2 21.
Bxf1 Rfc8 22. Rd1 R8c6 23. Be7 Nf6 24. Bxf6 gxf6 25. Kg2 Kf8 26. Ng1 Rb2 27. Bd3
Rxb4 28. Nf3 Ke7 29. Nh4 Kd7 30. Nf5 Kc7 31. h4 b5 32. axb6+ Kxb6 33. Be2 Rb2
34. Bxh5 Rcc2 35. Rf1 a5 36. Bxf7 a4 37. h5 Rc8 38. Nxd6 Rf8 39. Nc4+ Kb5 40.
Nxb2 a3 41. Ba2 axb2 42. Rb1 Kb4 43. Rxb2+ Ka3 44. Rd2 Rh8 45. Bf7 Rh7 46. Bg6
Rg7 47. Rd6 Rc7 48. Rxf6 Rc3 49. h6 Rxg3+ 50. fxg3 Kb2 51. h7 Kc3 52. Re6 Kd4
53. Rxe5 Kxe5 54. h8=Q+ Ke6 55. Qd4 Ke7 56. Qd5 Kf8 57. Qf5+ Kg7 58. e5 Kh6 59.
Qh5+ Kg7 60. Be8 Kf8 61. Qf7# 1-0